| 000 | 00382nam a2200157Ia 4500 | ||
|---|---|---|---|
| 008 | 230719s9999 xx 000 0 und d | ||
| 041 | _aeng | ||
| 082 |
_a005.2768 _bSCH |
||
| 100 | _aSchildt H. | ||
| 245 |
_a Java 2 _bThe Complete Reference |
||
| 250 | _a4th ed. | ||
| 260 | _bTata Mc Graw Hill | ||
| 300 | _dRef 873 C (14425) | ||
| 365 |
_cRs. _b183.00 |
||
| 700 | _aSchildt H. | ||
| 999 |
_c354149 _d354149 |
||